Evidence-based practice in nursing / (Record no. 80716)
[ view plain ]
| 000 -LEADER | |
|---|---|
| fixed length control field | 01431nam a22002657a 4500 |
| 003 - CONTROL NUMBER IDENTIFIER | |
| control field | URS |
| 005 - DATE AND TIME OF LATEST TRANSACTION | |
| control field | 20240717225103.0 |
| 020 ## - INTERNATIONAL STANDARD BOOK NUMBER | |
| International Standard Book Number | 9781526459336 (pbk) |
| 040 ## - CATALOGING SOURCE | |
| Description conventions | rda |
| Transcribing agency | URS |
| Language of cataloging | English |
| 050 00 - LIBRARY OF CONGRESS CALL NUMBER | |
| Classification number | RT42 |
| Item number | .El59 2019 |
| 100 ## - MAIN ENTRY--PERSONAL NAME | |
| Personal name | Ellis, Peter, |
| Relator term | author. |
| 9 (RLIN) | 5884 |
| 245 10 - TITLE STATEMENT | |
| Title | Evidence-based practice in nursing / |
| Statement of responsibility, etc | Peter Ellis. |
| 250 ## - EDITION STATEMENT | |
| Edition statement | 4th edition. |
| 264 ## - PUBLICATION, DISTRIBUTION, ETC. (IMPRINT) | |
| Place of publication, distribution, etc | Thousand Oaks, California : |
| Name of publisher, distributor, etc | SAGE ; |
| Date of publication, distribution, etc | ©2019. |
| 300 ## - PHYSICAL DESCRIPTION | |
| Extent | x, 194 pages ; |
| Dimensions | 25 cm. |
| 336 ## - CONTENT TYPE | |
| Content type term | text |
| Content type code | txt |
| Source | rdacontent |
| 337 ## - MEDIA TYPE | |
| Media type term | unmediated |
| Media type code | n |
| Source | rdamedia |
| 338 ## - CARRIER TYPE | |
| Carrier type term | volume |
| Carrier type code | nc |
| Source | rdacarrier |
| 440 ## - SERIES STATEMENT/ADDED ENTRY--TITLE | |
| Title | Transforming nursing practice |
| 9 (RLIN) | 5883 |
| 504 ## - BIBLIOGRAPHY, ETC. NOTE | |
| Bibliography, etc | Includes bibliographical references (pages 190-196) and index. |
| 505 ## - FORMATTED CONTENTS NOTE | |
| Formatted contents note | What is evidence-based nursing? -- Sources of knowledge for evidence-based care -- Critiquing research: general points -- Critiquing research: approach-specific elements -- Making sense of subjective experience -- Working with others to achieve evidence-based care -- Clinical decision-making in evidence-based nursing -- Using evidence in the workplace. |
| 520 ## - SUMMARY, ETC. | |
| Summary, etc | The need for an evidence base for nursing practice is widely accepted. This book uses clear language to help the reader develop skills in the identification, appraisal and application of evidence for nursing practice. It guides the reader in the development of underpinning skills. |
| 650 #0 - SUBJECT ADDED ENTRY--TOPICAL TERM | |
| Topical term or geographic name as entry element | Evidence-based nursing. |
| 9 (RLIN) | 1033 |
| 942 ## - ADDED ENTRY ELEMENTS (KOHA) | |
| Source of classification or shelving scheme | Library of Congress Classification |
| Koha item type | Reserved Books |
| Withdrawn status | Lost status | Source of classification or shelving scheme | Damaged status | Not for loan | Collection code | Home library | Current library | Shelving location | Date acquired | Source of acquisition | Total Checkouts | Full call number | Barcode | Date last seen | Copy number | Koha item type |
|---|---|---|---|---|---|---|---|---|---|---|---|---|---|---|---|---|
| Library of Congress Classification | Non-fiction | Taytay College Library | Taytay College Library | Nursing Collection | 07/17/2024 | Donation | RT42 .El59 2019 | URSTAY-5623 | 06/03/2025 | 1 | Reserved Books |